Estadísticas para 15 Países más Poblados que Hablan una Lengua Germánica

Haz click aquí para intentar la prueba.

Estadísticas generales

  • Esta prueba ha sido intentada 2.288 veces
  • La puntuación promedio es 11 de 15

Estadísticas de respuestas

PoblaciónPaís% Correcto
82.8 mAlemania
99%
8.81 mAustria
87%
326 mEstados Unidos
84%
17.2 mPaíses Bajos
84%
8.45 mSuiza
84%
65.7 mReino Unido
83%
5.29 mNoruega
80%
10.1 mSuecia
80%
5.78 mDinamarca
79%
11.4 mBélgica
78%
36.7 mCanadá
71%
24.7 mAustralia
65%
4.79 mIrlanda
64%
4.83 mNueva Zelanda
55%
2.73 mJamaica
24%

Distribución de puntuación

Porcentaje por número respondido

Porcentaje de gente con cada puntuación

Historial de tus puntuaciones

No has intentado esta prueba.